Statistics for European Axis Powers during World War II

Click here to take the quiz!

General Stats

  • This quiz has been taken 260 times
  • The average score is 7 of 9

Answer Stats

Description of the countriesAnswer% Correct
The most powerful member of the Axis Powers.Third Reich
100%
Mediterranean fascist country that attended in the war against Yugoslavia.Italy
99%
Scandinavian country that lost the Winter War in 1940.Finland
97%
Central-European country that claimed Northern Transylvania as their territory.Hungarian Kingdom
85%
An Axis Powers member that joined the side of Soviet Union when that reached it's territories.Romanian Kingdom
75%
The only independent slav state in the side of the Axis Powers.Bulgaria
67%
This state was created at the territory of Yugoslavia when that fell apart in 1941.Independent State of Croatia
50%
Middle-European slav puppet-state of Germany.German Puppet of Slovakia
47%
This Nazi puppet-state was named after a tiny city near the Alps.Vichy France
39%

Score Distribution

Percentile by Number Answered

Percent of People with Each Score

Your Score History

You have not taken this quiz